000 00550cam a2200205 a 4500
001 3804769
005 20180205073303.0
008 850423s1985 nyu 001 0 eng
010 _a 85010150
020 _a0029059402
040 _aDLC
_cDLC
_dDLC
041 _aeng
080 _a658
082 0 0 _a658 DON
_219
100 1 _a54
101 _aLID
245 1 0 _aRadical management :
_cSamuel A. Culbert, John J. McDonough.
906 _a7
_bcbc
_corignew
_d1
_eocip
_f19
_gy-gencatlg
942 _2ddc
_cBK
999 _c41771
_d41771